Undertale??? - Statistics

General Stats
  • This quiz has been taken 155 times
    153 since last reset
  • The average score is 10 of 15
Answer Stats
Hint Answer % Correct
the person that you control in the game and do whatever frisk
98%
the first human that fell underground that is evil chara
89%
the skeleton who likes to make jokes sans
87%
the skeleton who loves spegetti and saying nyeh heh heh! papyrus
86%
determiend enough to harm a human undyne
86%
LAST OF ALL! the person you fight in the true pacifist asriel
85%
a robot that tries to harm you in hotland and has 3 forms mettaton
83%
the one who only talks with emojis and is sans's dad gaster
80%
the ghost you see in the ruins and lives in the waterfall napstablook
79%
yellow guy that is your friend in waterfall??? monster kid
77%
the undyne who needs to stay determiend to live undyne the undying
71%
how many undertale endings are there? three
65%
ICE CREAM!! nicecreamguy
45%
who are your best friends in undertale? sans and papyrus
14%
how much did you like the game 2 answers it was bad! OR i liked it!
0%
No matching quizzes found
Score Distribution
Percent of People with Each Score
Percentile by Number Answered
Your Score History
You have not taken this quiz since the last reset